LEADER 00956nam a2200241 u 4500 001 000000078683 003 CaOOAMICUS 005 20070226123445.0 008 040511s1983 it u000 u ita u 035 $a10994547 040 $aPUL$bita 100 1 $aCozzoli, Mauro,$d1946-$0(OLS)http://pul/name/38463 245 10$aLineamenti di metaetica ed etica sessuale /$cMauro Cozzoli .. 260 $aMolfetta :$bMezzina,$c1983. 300 $ap. 79-86 ;$c25 cm 500 $aEstratto da: "A servizio del Regno". 504 $aBibliografia in nota. 650 4$aEtica sessuale.$0(OLS)http://pul/subject/9802 850 $aPUL 852 $aPUL$W1$xDP1 Miscellanee$y10$mMisc.Phil.C$j100854$nBK-PRI$b $qStampati Miscellanee$B100866$CPULBib$Z2$F100866 $HPUL94805 $81 941 1 $a17 996 $6245$aLineamenti di metaetica ed etica sessuale$9(OLS)http://pul/title/103043 996 $6260$aMolfetta :$bMezzina$9(OLS)http://pul/publisher/48900 LEADER 01270nam a2200277 u 4500 001 000000048788 003 CaOOAMICUS 005 20150720151202.0 008 000531s2000 it u000 u ita u 020 $a8814079242 035 $a10848942 040 $aMSA$bita$dPUL 100 1 $aKönig, Christian.$0(OLS)http://pul/name/35390 245 10$aDiritto europeo :$nintroduzione al diritto pubblico e privato della Comunita' e dell'Unione europea /$cChristian Koenig, Andreas Haratsch, Monica Bonini. 260 $aMilano :$bA. Giuffrè,$c2000. 300 $axxiv, 418 p. ;$c24 cm 504 $aBibliografia in nota. 650 4$aDiritto$zEuropa.$0(OLS)http://pul/subject/17036 700 1 $aBonini, Monica.$0(OLS)http://pul/name/35392 700 1 $aHaratsch, Andreas.$0(OLS)http://pul/name/35391 850 $aPUL 852 $aPUL$W1$xSL Diritto e Scienze Sociali 3$y79$m300 A 53$j64935$nBK-PRI$b $qDDC 21$B64935$CPULBib$Z2$F64935 $H84610 $82 941 1 $a9 996 $6020$a8814079242$9(OLS)http://pul/number/61488 996 $6245$aDiritto europeo :$nintroduzione al diritto pubblico e privato della Comunita' e dell'Unione europea$9(OLS)http://pul/title/65752 996 $6260$aMilano :$bA. Giuffrè$9(OLS)http://pul/publisher/48096